New books from Monograph Publishing.

Bibliographic Details
New Title:New books from UMI monographs
Previous Title:Monograph abstracts
Format: Serial
Language:English
Published: Ann Arbor : University Microfilms International, 1979.
Subjects:

MARC

Tag First Indicator Second Indicator Subfields
LEADER 00000cas a2200000 a 4500
001 in00000077965
005 20190122114926.0
008 790709d19791979miuqr m 0 0eng c
010 |a sn 90010984  
029 1 |a AU@  |b 000007292012 
029 1 |a AU@  |b 000025896053 
029 1 |a AU@  |b 000056432533 
035 |a (OCoLC)ocm05149538 
035 |a (OCoLC)5149538 
040 |a JNA  |b eng  |c JNA  |d OCL  |d NST  |d OCLCQ  |d OCLCF  |d OCLCO  |d UtOrBLW 
042 |a pcc 
043 |a n-us--- 
049 |a TXAM 
090 |a AS36  |b .M6 
245 0 0 |a New books from Monograph Publishing. 
246 3 0 |a Monograph Publishing 
264 1 |a Ann Arbor :  |b University Microfilms International,  |c 1979. 
300 |a 1 volume :  |b illustrations ;  |c 23 cm. 
310 |a Quarterly 
336 |a text  |b txt  |2 rdacontent 
337 |a unmediated  |b n  |2 rdamedia 
338 |a volume  |b nc  |2 rdacarrier 
362 0 |a Spring-fall 1979. 
650 0 |a Publishers' catalogs  |z United States.  |0 http://id.loc.gov/authorities/subjects/sh2008100174 
650 7 |a Publishers' catalogs.  |2 fast  |0 (OCoLC)fst01732445 
651 7 |a United States.  |2 fast  |0 (OCoLC)fst01204155 
710 2 |a University Microfilms International,  |e issuing body.  |0 http://id.loc.gov/authorities/names/n79021032 
776 0 8 |i Online version:  |t New books from Monograph Publishing  |w (OCoLC)761020390 
780 0 0 |t Monograph abstracts  |x 0362-3831  |w (DLC) 82641254  |w (OCoLC)2234155 
785 0 0 |t New books from UMI monographs  |w (DLC)sn 90010983  |w (OCoLC)8166057 
850 |a TxCM 
949 |a updated  |b h  |c 2018/10/11  |e spoltoratski  |f 1:07:46 pm 
994 |a C0  |b TXA 
999 f f |s 66d30b91-3c7c-3e43-a66f-d6ac7161f835  |i 4329c35c-c1ee-342f-9732-5f30a7cf7080  |t 0 
952 f f |p ric  |a Texas A&M University  |b Rellis Campus  |c Joint Library Facility  |d Remote Storage  |t 0  |e AS36 .M6  |h Library of Congress classification  |i unmediated -- volume  |k 1979:Spring  |m A14850631525 
952 f f |p ric  |a Texas A&M University  |b Rellis Campus  |c Joint Library Facility  |d Remote Storage  |t 0  |e AS36 .M6  |h Library of Congress classification  |i unmediated -- volume  |k 1979:Fall  |m A14850631517 
998 f f |a AS36 .M6  |s 1979:Spring,Fall  |t 0  |l Remote Storage